El ojo y la sombra: una mirada al retrato en occidente
Zapisane w:
| 1. autor: | |
|---|---|
| Format: | Książka |
| Język: | hiszpański |
| Wydane: |
Barcelona
Gustavo Gili
2002
|
| Seria: | Colección Hipótesis
|
| Hasła przedmiotowe: | |
| Etykiety: |
Dodaj etykietę
Nie ma etykietki, Dołącz pierwszą etykiete!
|
MARC
| LEADER | 00000nam a2200000 a 4500 | ||
|---|---|---|---|
| 001 | UCK1787 | ||
| 003 | CL-VaPUC | ||
| 008 | 041126e20020000SP |||||||||||||||||spa|d | ||
| 020 | |a 8425219035 | ||
| 082 | 0 | 4 | |a 757 |b AZA |2 21 |
| 100 | 0 | |a Azara, Pedro |e author |9 489666 | |
| 245 | 1 | 3 | |a El ojo y la sombra: una mirada al retrato en occidente |
| 300 | |a 160 p | ||
| 942 | |c BK | ||
| 945 | |d 20041126 00:00:00 |a cmena | ||
| 260 | |a Barcelona |b Gustavo Gili |c 2002 | ||
| 650 | 0 | |a Retratos |9 313437 | |
| 650 | 0 | |a Figuras humanas |9 489667 | |
| 650 | 0 | |a Historia del arte |9 314877 | |
| 583 | |a last modification |c 20041126 00:00:00 |k Rodrigo Vera | ||
| 490 | 0 | |a Colección Hipótesis | |
| 999 | |c 311599 |d 311597 | ||
| 952 | |0 0 |1 0 |4 0 |6 757_000000000000000_AZA_2002 |7 0 |8 A |9 381076 |a BIBARQ |b BIBARQ |d 2019-11-21 |i 4082273 |o 757 AZA 2002 |p 4082273 |r 2025-01-20 |w 2019-11-21 |y BK |k ARQ | ||
| 952 | |0 0 |1 0 |4 0 |6 757_000000000000000_AZA_2002 |7 0 |8 A |9 381077 |a BIBARQ |b BIBARQ |d 2019-11-21 |i 4733797 |o 757 AZA 2002 |p 4733797 |r 2025-01-20 |w 2019-11-21 |y BK |k ARQ | ||